| 000 -LEADER |
| fixed length control field |
00589cam a2200169 a 4500 |
| 020 ## - INTERNATIONAL STANDARD BOOK NUMBER |
| ISBN |
0849301319 (acidfree paper) |
| 040 ## - CATALOGING SOURCE |
| Transcribing agency |
DLC |
| 082 00 - DEWEY DECIMAL CLASSIFICATION NUMBER |
| Classification number |
526 CRC 1994 A023 Co. |
| 245 00 - TITLE STATEMENT |
| Title |
Practical handbook of digital mapping : |
| Remainder of title |
terms and concepts / |
| 260 ## - PUBLICATION, DISTRIBUTION, ETC. (IMPRINT) |
| Place of publication |
Boca Raton : |
| Name of publisher |
CRC Press, |
| Year of publication |
c1994. |
| 300 ## - PHYSICAL DESCRIPTION |
| Number of Pages |
335 p., [8] p. of plates : |
| Other physical details |
ill. (some col.), maps (some col.) ; |
| Dimensions |
25 cm. |
| 650 #0 - SUBJECT ADDED ENTRY--TOPICAL TERM |
| Topical Term |
Digital mapping. |
| 650 #0 - SUBJECT ADDED ENTRY--TOPICAL TERM |
| Topical Term |
Geographic information systems. |
| 700 1# - ADDED ENTRY--PERSONAL NAME |
| Personal name |
Arlinghaus, Sandra L. |
| 856 42 - ELECTRONIC LOCATION AND ACCESS |
| Uniform Resource Identifier |
http://www.loc.gov/catdir/enhancements/fy0744/93023662-d.html |
| 942 ## - ADDED ENTRY ELEMENTS (KOHA) |
| Koha item type |
សៀវភៅភាសាអង់គ្លេស |
| 952 ## - LOCATION AND ITEM INFORMATION (KOHA) |
| Withdrawn status [LOCAL, KOHA] |
0 |